| 000 -LEADER |
| fixed length control field |
03153cam a2200409 a 4500 |
| 001 - CONTROL NUMBER |
| control field |
15502471 |
| 003 - CONTROL NUMBER IDENTIFIER |
| control field |
OSt |
| 005 - DATE AND TIME OF LATEST TRANSACTION |
| control field |
20180117085941.0 |
| 008 - FIXED-LENGTH DATA ELEMENTS--GENERAL INFORMATION |
| fixed length control field |
081028s2010 enka b 001 0 eng |
| 010 ## - LIBRARY OF CONGRESS CONTROL NUMBER |
| LC control number |
2008044650 |
| 020 ## - INTERNATIONAL STANDARD BOOK NUMBER |
| International Standard Book Number |
9780415342094 (hardcover) |
| 020 ## - INTERNATIONAL STANDARD BOOK NUMBER |
| International Standard Book Number |
0415342090 (hardcover) |
| 020 ## - INTERNATIONAL STANDARD BOOK NUMBER |
| International Standard Book Number |
9780415342100 (pbk.) |
| 020 ## - INTERNATIONAL STANDARD BOOK NUMBER |
| International Standard Book Number |
0415342104 (pbk.) |
| 020 ## - INTERNATIONAL STANDARD BOOK NUMBER |
| International Standard Book Number |
9780203879146 (ebk.) |
| 020 ## - INTERNATIONAL STANDARD BOOK NUMBER |
| International Standard Book Number |
0203879147 (ebk.) |
| 035 ## - SYSTEM CONTROL NUMBER |
| System control number |
(OCoLC)ocn265731856 |
| 040 ## - CATALOGING SOURCE |
| Original cataloging agency |
DLC |
| Transcribing agency |
DLC |
| Modifying agency |
BWK |
| -- |
C#P |
| -- |
IAY |
| -- |
OKU |
| -- |
UBY |
| -- |
EQO |
| -- |
BWX |
| -- |
DEBBG |
| -- |
DLC |
| 050 00 - LIBRARY OF CONGRESS CALL NUMBER |
| Classification number |
JF1501 |
| Item number |
.P43 2010 |
| 082 00 - DEWEY DECIMAL CLASSIFICATION NUMBER |
| Classification number |
351 |
| Edition number |
22 |
| 100 1# - MAIN ENTRY--PERSONAL NAME |
| Personal name |
Peters, B. Guy. |
| 245 14 - TITLE STATEMENT |
| Title |
The politics of bureaucracy : |
| Remainder of title |
an introduction to comparative public administration / |
| Statement of responsibility, etc. |
B. Guy Peters. |
| 250 ## - EDITION STATEMENT |
| Edition statement |
6th ed. |
| 260 ## - PUBLICATION, DISTRIBUTION, ETC. |
| Place of publication, distribution, etc. |
Abingdon ; |
| -- |
New York : |
| Name of publisher, distributor, etc. |
Routledge, |
| Date of publication, distribution, etc. |
2010. |
| 300 ## - PHYSICAL DESCRIPTION |
| Extent |
xii, 380 p. : |
| Other physical details |
ill. ; |
| Dimensions |
26 cm. |
| 504 ## - BIBLIOGRAPHY, ETC. NOTE |
| Bibliography, etc. note |
Includes bibliographical references and index. |
| 505 0# - FORMATTED CONTENTS NOTE |
| Formatted contents note |
Public administration and governing -- Political culture and public administration -- Recruiting public personnel -- Problems of administrative structure -- The politics of bureaucracy -- The bureaucracy and political institutions -- The politics of the budgetary process -- The politics of administrative accountability -- Administrative reform -- The politics of public management. |
| 520 ## - SUMMARY, ETC. |
| Summary, etc. |
"Written by a leading authority in the field, this comprehensive exploration of the political and policy-making roles of public bureaucracies is now available in a fully revised sixth edition, offering extensive, well documented comparative analysis of the effects of politics on bureaucracy. New to the 6th edition: more international case studies on North America, Western and Eastern European and Asian countries; discussion of how governments have been developing strategies to enhance co-ordination and coherence across their programmes; analysis of the use of performance management in public administration; more tables, case studies and internet links; and extensive revision and updating to take into account the wealth of new literature that has emerged in recent years, including a discussion of E-Governance and analysis of 'new public management'. Drawing on evidence from a wide variety of political systems, The Politics of Bureaucracy continues to be essential reading for all students of government, policy analysis, and politics and international relations."--Publisher's description. |
| 650 #0 - SUBJECT ADDED ENTRY--TOPICAL TERM |
| Topical term or geographic name entry element |
Public administration. |
| 650 #0 - SUBJECT ADDED ENTRY--TOPICAL TERM |
| Topical term or geographic name entry element |
Bureaucracy. |
| 650 #0 - SUBJECT ADDED ENTRY--TOPICAL TERM |
| Topical term or geographic name entry element |
Comparative government. |
| 856 ## - ELECTRONIC LOCATION AND ACCESS |
| Uniform Resource Identifier |
<a href="http://bvbm2.bib-bvb.de:8993/F?func=service&doc_library=BVB01&doc_number=016501763&line_number=0001&func_code=DB_RECORDS&service_type=MEDIA">http://bvbm2.bib-bvb.de:8993/F?func=service&doc_library=BVB01&doc_number=016501763&line_number=0001&func_code=DB_RECORDS&service_type=MEDIA</a> |
| Public note |
Inhaltsverzeichnis |
| 906 ## - LOCAL DATA ELEMENT F, LDF (RLIN) |
| a |
7 |
| b |
cbc |
| c |
orignew |
| d |
1 |
| e |
ecip |
| f |
20 |
| g |
y-gencatlg |
| 942 ## - ADDED ENTRY ELEMENTS (KOHA) |
| Source of classification or shelving scheme |
|
| Koha item type |
Book |